| 000 | 00681nam a2200229 a 4500 | ||
|---|---|---|---|
| 001 | 0554 | ||
| 005 | 20140414132020.0 | ||
| 008 | 040201s19uu xx 00 eng d | ||
| 020 | _a0-679-88084-4 | ||
| 050 |
_aTR _bIT7 1986 |
||
| 100 | _aLionni, Leo | ||
| 245 |
_aIt's mine! / _cLeo Lionni. |
||
| 260 |
_aU.S.A : _bDagonfly, _c1986. |
||
| 300 | _ap. ; cm. | ||
| 500 | _aTR/PS | ||
| 520 | _aThree selfish frogs quarrel over who owns their pond and island, until a storm makes them value the benefits of sharing. | ||
| 650 |
_aChildren stories _xAmerican. |
||
| 650 |
_aSelfishness _xFiction. |
||
| 650 |
_aSharing _xFiction. |
||
| 650 |
_aFrogs _xFiction. |
||
| 999 |
_c113450 _d113450 |
||